Squadra dell'anno AIC 2018 - Statistics

Statistiche generali
  • Questo quiz è stato fatto 11 volte
  • Il punteggio medio è 9 su 11
Statistiche sulle risposte
Ruolo Nazione Squadra Calciatore % Corretto
Portiere Brasile Roma Alisson
100%
Difensore Brasile Juventus Alex Sandro
90%
Difensore Italia Juventus Giorgio Chiellini
90%
Difensore Senegal Napoli Kalidou Koulibaly
90%
Centrocampista Bosnia ed Erzegovina Juventus Miralem Pjanić
90%
Centrocampista Serbia Lazio Sergej Milinković-Savić
90%
Attaccante Argentina Juventus Paulo Dybala
80%
Attaccante Italia Lazio Ciro Immobile
70%
Difensore Portogallo Inter João Cancelo
70%
Attaccante Argentina Inter Mauro Icardi
70%
Centrocampista Belgio Roma Radja Nainggolan
70%
Nessun quiz corrispondente trovato
Distribuzione punteggi
Percentuale di utenti per punteggio
Percentile per numero di risposta
I tuoi punteggi nel tempo
Non hai fatto questo quiz